| 000 | 00859nam a2200229Ia 4500 | ||
|---|---|---|---|
| 001 | 19844 | ||
| 003 | GE_BSU | ||
| 008 | 181216s||||||||xx |||||||||||||| ||und|| | ||
| 040 | _cGE_BSU | ||
| 080 | _a01 | ||
| 100 | _aკვირიკაშვილი,ლ. | ||
| 245 | _aსაცნობო-ბიბლიოგრაფიული მუშაობა სარაიონო ბიბლიოთეკაში | ||
| 245 | _cრედ. ნ. ლაიშვილი | ||
| 260 | _aთბილისი | ||
| 260 | _c1957 | ||
| 300 | _a72გვ. | ||
| 541 | _h3ლ. 80თ. | ||
| 653 | _aბიბლიოთეკარი | ||
| 653 | _aსაცნობო-ბიბლიოგრაფიული მუშაობა სარაიონო ბიბლიოთეკაში | ||
| 653 | _aქსეროქსი | ||
| 942 | _cBK | ||
| 999 |
_c52814 _d52814 |
||